[Event "Turkish Super League 2019"]
[Site "Konya"]
[Date "2019.07.26"]
[Round "11"]
[White "Lobanov, Sergei"]
[Black "Akdogan, Alperen"]
[Result "1-0"]
[WhiteElo "2505"]
[BlackElo "2193"]
[Annotator "TA"]
[PlyCount "148"]
[EventDate "2019.07.17"]
[EventType "team-tourn"]
[EventCountry "TUR"]
[SourceTitle "playchess.com"]
[Source "ChessBase"]
[SourceQuality "1"]

{[%evp 9,148,-6,17,7,7,6,8,14,14,13,17,5,21,4,2,14,24,12,29,14,25,21,23,21,29,26,20,0,5,-17,-9,-39,-14,-14,-10,-46,0,-13,0,-44,-44,-50,-53,-79,0,0,0,0,0,-4,-5,-10,-12,-13,-13,-13,-13,-8,0,-20,-20,-79,-85,-86,0,0,0,0,0,0,0,0,0,0,0,0,0,0,0,1,383,358,952,820,902,854,840,832,832,832,823,812,748,739,1306,1128,2302,2224,2232,1496,1385,5700,10829,4663,5306,12361,9954,6713,11229,10822,7767,7206,1569,608,1377,650,1300,1300,29962,29962,29967,29968,29966,29969,29966,29967,29971,29972,29971,29973,29973,29974,29973,29975,29975,29976,29975,29974,29988,29988,29993]} 1. e4 c6 2. d4 d5 3. exd5 cxd5 4. Nf3 Nc6 5. Ne5 (5. Bb5 e6 6. O-O Bd6 7. c4 Nge7 8. Nc3 O-O 9. c5 Bc7 10. a3 e5 11. Bxc6 Nxc6 12. dxe5 d4 13. Nb5 {½-½ (60) Karjakin,S (2753)-Mamedyarov,S (2817) St Petersburg 2018}) 5... Nf6 (5... e6 {with more complications.} 6. c3 Bd6 7. f4 Nh6 8. Bd3 O-O) 6. Bb5 {B13: Caro-Kann: Exchange Variation and Panov-Botvinnik Attack} Bd7 7. Nxd7 Qxd7 8. c3 {The position is equal.} e6 9. Nd2 $146 ({Predecessor:} 9. O-O Bd6 10. Nd2 O-O 11. Nf3 {1-0 (60) Noritsyn,S (2159)-Munro,A (2019) Kingston 2019}) 9... Bd6 10. Nf3 Qc7 11. O-O O-O 12. g3 a6 13. Bd3 Rab8 14. Qe2 h6 15. Bd2 Nd7 16. Rae1 Rfe8 17. Bb1 b5 18. Nh4 Nf6 19. f4 b4 20. Qxa6 bxc3 21. Bxc3 Bb4 22. Rc1 Rb6 23. Qa4 Bxc3 24. Rxc3 Qb7 $1 25. Rfc1 $1 {[%cal Rc3c6]} Rxb2 {And now ...Nxd4 would win.} 26. Bd3 Ne7 ({Black should try} 26... Nb4 $17 27. Rb3 Ra8) 27. Rc7 $1 $11 {[%cal Rc7b7]} Qb8 28. Nf3 $1 Nf5 29. Bxf5 exf5 30. Ne5 Rb1 31. Kg2 Rxc1 32. Rxc1 Qb2+ 33. Rc2 $132 {[%mdl 2048] White is not keeping still} Qb1 34. Qc6 Qe1 35. a4 (35. Qc7 $11 {remains equal.} Qe4+ 36. Kh3) 35... Qe4+ $17 36. Kh3 Rf8 (36... Qxd4 $17 37. a5 Qd1) 37. a5 $11 Ng4 38. Nxg4 fxg4+ 39. Kxg4 {[%mdl 4096] Endgame KQR-KQR} Re8 40. Qd7 Qg6+ 41. Kh4 Re6 42. Rc8+ Kh7 {[#] ( -> ...f5)} 43. Qxd5 {Qh5 is the strong threat.} Re2 {[%cal Re2h2]} 44. g4 {Strongly threatening Rc6.} Qd3 $2 {[%mdl 8192]} ({Much worse is} 44... Rxh2+ $6 45. Kg3 $16) (44... Qf6+ $11 {and Black has nothing to worry.} 45. Kg3 Re3+ 46. Kg2 Qe7) 45. h3 $18 Re3 $2 (45... Re6) 46. Qf5+ Qxf5 47. gxf5 {KR-KR} Ra3 48. Rc5 Kg8 49. d5 Kf8 50. d6 {[%cal Rc5c8]} Ke8 51. Kg4 f6 52. h4 Kd7 53. Rd5 Ra4 54. Kh5 Rxf4 55. a6 Re4 56. a7 (56. Kg6 $142 Ra4 57. Kxg7) 56... Ra4 57. Kg6 Rxa7 58. Rd4 Ra5 59. h5 Re5 60. Rd1 Rc5 61. Rf1 Kxd6 62. Kxg7 Ke5 63. Kg6 Rb5 64. Ra1 {White mates.} Rb6 65. Re1+ Kf4 {[#]} 66. Re6 $1 {[%mdl 512]} Rb1 67. Rxf6 Rg1+ 68. Kxh6 Rg5 69. Rf7 Rg8 70. Kh7 Rg5 71. h6 Ke5 72. Rg7 Rh5 73. Kg6 Rxf5 74. Re7+ Kd5 {Accuracy: White = 72%, Black = 47%.} 1-0

[Event "Turkish Super League 2019"]
[Site "Konya"]
[Date "2019.07.26"]
[Round "11"]
[White "Asadli, Vugar"]
[Black "Rasulov, Vugar"]
[Result "1/2-1/2"]
[WhiteElo "2502"]
[BlackElo "2534"]
[Annotator "ChessBase"]
[PlyCount "62"]
[EventDate "2019.07.17"]
[EventType "team-tourn"]
[EventCountry "TUR"]
[SourceTitle "playchess.com"]
[Source "ChessBase"]
[SourceQuality "1"]
[TimeControl "40/5400+30:1800+30"]

1. d4 {[%emt 0:01:30]} Nf6 {[%emt 0:00:30]} 2. c4 {[%emt 0:00:00]} g6 {[%emt 0:00:30]} 3. Nc3 {[%emt 0:02:00]} d5 {[%emt 0:00:30]} 4. cxd5 {[%emt 0:02:30]} Nxd5 {[%emt 0:00:30]} 5. e4 {[%emt 0:01:30]} Nxc3 {[%emt 0:00:30]} 6. bxc3 {[%emt 0:00:30]} Bg7 {[%emt 0:00:00]} 7. Nf3 {[%emt 0:01:30]} O-O {[%emt 0:05:00]} 8. Be2 {[%emt 0:04:30]} c5 {[%emt 0:00:00]} 9. Be3 {[%emt 0:01:30]} b6 {[%emt 0:00:00]} 10. Rc1 {[%emt 0:01:30]} e6 {[%emt 0:00:30]} 11. O-O {[%emt 0:01:30]} Bb7 {[%emt 0:00:00]} 12. Qd3 {[%emt 0:03:30]} Nd7 {[%emt 0:02:00]} 13. Bg5 {[%emt 0:02:30]} Qc7 {[%emt 0:00:00]} 14. Rfd1 {[%emt 0:00:00]} Nf6 {[%emt 0:00:00]} 15. Nd2 {[%emt 0:02:00]} Rac8 {[%emt 0:00:30]} 16. e5 {[%emt 0:00:30]} Nd7 {[%emt 0:00:30]} 17. Ne4 {[%emt 0:00:30]} f6 {[%emt 0:00:00]} 18. exf6 {[%emt 0:00:30]} Nxf6 {[%emt 0:00:00]} 19. Nxf6+ {[%emt 0:01:30]} Bxf6 {[%emt 0:00:30]} 20. Bh6 {[%emt 0:00:00]} Bg7 {[%emt 0:00:00]} 21. Qh3 {[%emt 0:00:00]} Bd5 {[%emt 0:00:00]} 22. c4 {[%emt 0:00:30]} Qf7 {[%emt 0:00:30]} 23. cxd5 {[%emt 0:00:30]} Qxf2+ {[%emt 0:00:30]} 24. Kh1 {[%emt 0:00:30]} Qxe2 {[%emt 0:00:00]} 25. Re1 {[%emt 0:00:30]} Qf2 {[%emt 0:00:00]} 26. Qxe6+ {[%emt 0:00:00]} Qf7 {[%emt 0:00:00]} 27. Bxg7 {[%emt 0:01:00]} Kxg7 {[%emt 0:00:00]} 28. Qxf7+ {[%emt 0:00:30]} Rxf7 {[%emt 0:00:30]} 29. Kg1 {[%emt 0:00:00]} Rd7 {[%emt 0:00:00]} 30. dxc5 {[%emt 0:00:00]} Rxc5 {[%emt 0:00:00]} 31. Rxc5 {[%emt 0:00:30]} bxc5 {[%emt 0:00:30]} 1/2-1/2

[Event "Turkish Super League 2019"]
[Site "Konya"]
[Date "2019.07.26"]
[Round "11"]
[White "Esen, Baris"]
[Black "Kravtsiv, Martyn"]
[Result "1/2-1/2"]
[WhiteElo "2478"]
[BlackElo "2628"]
[Annotator "TA"]
[PlyCount "90"]
[EventDate "2019.07.17"]
[EventType "team-tourn"]
[EventCountry "TUR"]
[SourceTitle "playchess.com"]
[Source "ChessBase"]
[SourceQuality "1"]

{[%evp 23,90,8,9,-19,-20,-9,-19,-58,-45,-38,-53,-56,9,9,11,9,7,0,0,-14,-14,-15,-18,-10,-14,-58,0,-29,-30,-25,-24,-29,-21,-20,-16,-16,-13,-12,-9,-12,-19,-21,0,-24,-8,-15,-13,-14,-14,-25,-25,-50,-22,-50,-50,-63,-63,-64,-64,-64,-64,-64,-64,-56,-56,-56,-56,-53,-53]} 1. e4 e5 2. Nf3 Nc6 3. Bb5 a6 4. Ba4 Nf6 5. O-O Be7 6. Re1 b5 7. Bb3 O-O 8. d3 d6 9. c3 Na5 10. Bc2 c5 11. Nbd2 Re8 12. Nf1 Bf8 13. d4 {C90: Closed Ruy Lopez with 7...d6: Early deviations} exd4 (13... cxd4 14. cxd4 Bg4 15. d5 Rc8 16. Bd3 Nc4 17. h3 Bh5 18. g4 Bg6 19. Ng3 Nd7 20. b3 Ncb6 {½-½ (49) Bacrot,E (2725)-Amin,B (2689) Riadh 2017}) 14. cxd4 Bg4 15. Ne3 {The position is equal.} Bxf3 16. Qxf3 Nc6 17. Nf5 Nxd4 (17... g6 $1 $15 18. Qg3 Nh5) 18. Nxd4 $11 cxd4 19. Bg5 Rc8 20. Bb3 Rc5 21. Bh4 $146 ({Predecessor:} 21. Bxf6 Qxf6 22. Qxf6 gxf6 23. Rad1 f5 24. Rxd4 fxe4 25. g4 Rce5 26. Bd5 {½-½ (26) Rombaldoni,A (2269)-Brunello,S (2475) Fiuggi 2007}) 21... a5 22. a4 bxa4 23. Bxa4 Ree5 24. Bg3 Re7 (24... Re6 $1 $15) 25. Qd3 Nh5 26. Qxd4 Nxg3 27. hxg3 Qb6 28. Rad1 Rb7 29. b3 Qc7 30. Qe3 g6 31. Rd3 Rb4 32. Red1 Re5 33. Rd4 Qc2 34. Qd3 Qxd3 35. R1xd3 Rxe4 36. Rxe4 Rxe4 {[%mdl 4096] Endgame KRB-KRB} 37. Rd5 Re1+ 38. Kh2 Re5 {Black is slightly better.} 39. Rxe5 dxe5 $15 {KB-KB} 40. g4 Kg7 41. Bc6 Bd6 42. g3 Bc5 43. Kg2 Kf6 44. Bd5 h6 45. f4 exf4 {Accuracy: White = 73%, Black = 77%.} 1/2-1/2

[Event "Turkish Super League 2019"]
[Site "Konya"]
[Date "2019.07.26"]
[Round "11"]
[White "Benidze, Davit"]
[Black "Inarkiev, Ernesto"]
[Result "1-0"]
[WhiteElo "2469"]
[BlackElo "2693"]
[Annotator "TA"]
[PlyCount "175"]
[EventDate "2019.07.17"]
[EventType "team-tourn"]
[EventCountry "TUR"]
[SourceTitle "playchess.com"]
[Source "ChessBase"]
[SourceQuality "1"]

{[%evp 18,175,-8,-12,-10,-22,-16,-16,-22,-14,-31,-38,-23,-38,-22,-16,-10,-27,-35,-27,-33,-58,-53,-56,-34,-57,-19,-18,-24,-19,-4,-19,0,0,0,0,0,-16,-16,-26,-29,-15,30,31,36,33,27,27,79,83,94,81,134,134,138,125,128,130,130,129,122,127,205,210,233,174,187,193,182,0,166,120,202,203,217,224,210,209,254,214,239,236,226,212,201,78,85,0,0,0,0,0,0,0,0,0,0,-144,-21,-22,0,-81,-81,-201,-201,-377,-372,-370,-370,-1066,-570,-933,-835,-1593,-1623,-1623,-1537,-796,-201,-201,-201,-201,-201,-201,-201,-201,0,-201,-201,-201,-201,-201,-201,-201,-201,-201,-201,-201,0,-201,-201,-201,-201,-201,-201,-29969,-29970,-29970,-29971,-29970,-29971,-29974,-29976,-29975,-29976,-29976,-29976,-29979,-29976,-29982]} 1. Nf3 c5 2. g3 Nc6 3. Bg2 g6 4. O-O Bg7 5. c4 d6 6. Nc3 e6 7. a3 Nge7 8. b4 O-O 9. bxc5 dxc5 10. Bb2 b6 {A37: Symmetrical English vs ...g6: 4 Bg2 Bg7 5 Nf3} 11. d3 Bb7 12. e3 (12. Qc1 Qd7 13. Ne4 e5 14. Bc3 Nf5 15. Qb2 Nfd4 16. Rab1 Rab8 17. Rfe1 h6 18. a4 {0-1 (28) Svidler,P (2727)-Salem,A (2624) Berlin 2015}) 12... Nf5 {The position is equal.} 13. Qe2 $146 ({Predecessor:} 13. Qd2 Qe7 14. Rad1 Rad8 15. Qc1 Na5 16. Ne2 Bc6 17. Bxg7 Nxg7 18. Qb2 {1-0 (43) Cordova,E (2602)-Lenderman,A (2614) San Salvador 2016}) 13... Qe7 14. Ne4 Rad8 15. Rfd1 Nd6 16. Bxg7 Kxg7 17. Qb2+ f6 18. Nc3 {[%cal Be4c3,Bc3e2,Be2f4,Bf4d5][%mdl 32]} Rd7 19. Rd2 Rfd8 20. Rad1 h5 21. Ne2 Qe8 22. Nf4 e5 23. Nd5 Na5 24. e4 Ndxc4 25. dxc4 Nxc4 {[%mdl 64] Double Attack} 26. Qb3 Nxd2 27. Nxd2 Bc6 28. Qc4 f5 29. Nf1 Bxd5 (29... Qf7 {seems wilder.} 30. Nfe3 f4 31. gxf4 exf4 32. Qc3+ Kh6) 30. exd5 e4 31. Qc3+ Kh7 32. Ne3 Qh8 (32... Qf7 $11) 33. Qxh8+ $16 Kxh8 34. Bf1 $1 g5 (34... Rd6 $142) 35. Bh3 $1 {[%mdl 1024] White has strong compensation.} g4 36. Bf1 $1 Kh7 37. Bb5 Rd6 38. Rd2 Kg6 39. Bc6 Rc8 ({But not} 39... Rxc6 $2 40. dxc6 Rc8 41. Rd6+ Kf7 42. Rh6 $18) (39... h4 $16) 40. Nc4 $18 Rdd8 41. a4 Kf6 42. Bb5 Ra8 43. Bc6 $2 ({Better is} 43. d6 $18) 43... Rab8 $2 (43... Rac8 $11) 44. Rb2 {[#]} h4 $1 {[%mdl 512]} 45. Kf1 $1 (45. gxh4 Rh8) 45... Rh8 46. d6 hxg3 47. hxg3 Rhd8 48. d7 Ke6 49. Rd2 a6 50. Rd6+ Ke7 {aiming for ...b5.} 51. Rh6 (51. Rd5 $18 {is more deadly.}) 51... Rh8 $16 {[#]} 52. Rxh8 (52. Ne3 $1 $16 {[%mdl 512]} Rxh6 53. Nxf5+ {[%mdl 64] Double Attack} Kd8 54. Nxh6) 52... Rxh8 $11 53. Nxb6 Rh6 54. Nd5+ Kd8 55. Bb7 Kxd7 56. Ke2 a5 57. Kd2 (57. Ne3 $1 $11 {was the only way to keep the balance.}) 57... Rh2 ({Black should try} 57... c4 $1 $17 58. Kd1 Rh2) 58. Ke2 Rh6 (58... Kd6 $11 59. Ne3 f4 $1 {[%mdl 512]}) 59. Kd2 $17 {[#]} c4 $1 60. Ne3 {[#]} (60. Ke3 $17) 60... Rh2 $1 $19 {[%cal Rh2f2]} 61. Ke2 $2 (61. Nd1) 61... c3 62. Bd5 {[#]} f4 $1 {[%mdl 512]} 63. Nxg4 $2 (63. gxf4 g3 64. Bxe4 Rxf2+ {[%mdl 64] Double Attack} 65. Kd3) 63... fxg3 64. Bxe4 g2 65. Bxg2 Rxg2 {[%mdl 4096] Endgame KR-KN} 66. Ne3 Rh2 67. Kd3 Rxf2 $2 (67... Rh4 68. Kxc3 Rxa4) 68. Kxc3 Rh2 69. Nc4 Rh5 70. Kd4 Ke6 71. Kc3 Kd7 72. Kd4 $1 Kc7 73. Kc3 Kc6 74. Kd4 Rd5+ 75. Kc3 Kb7 ({Don't play} 75... Rc5 76. Kd3 $19) 76. Kb3 Kc7 77. Kc2 Rh5 78. Kc3 $1 Kb7 79. Kd4 Ka6 {...Rh3 is the strong threat.} 80. Kc3 Rh8 {White must now prevent ...Rb8.} 81. Nb2 $2 (81. Kb3 $19) 81... Rh3+ {Black mates.} 82. Kd4 Ra3 83. Kc4 Kb6 84. Kd5 Ra2 85. Nc4+ Ka6 86. Kc6 Rxa4 87. Ne5 Rb4 88. Kd5 {[%mdl 32768] Accuracy: White = 53%, Black = 55%. . Sensor Board Error (Ke4/e5)?} 1-0

[Event "Turkish Super League 2019"]
[Site "Konya"]
[Date "2019.07.26"]
[Round "11"]
[White "Firat, Burak"]
[Black "Yurtseven, Melih"]
[Result "0-1"]
[WhiteElo "2463"]
[BlackElo "2381"]
[Annotator "ChessBase"]
[PlyCount "196"]
[EventDate "2019.07.17"]
[EventType "team-tourn"]
[EventCountry "TUR"]
[SourceTitle "playchess.com"]
[Source "ChessBase"]
[SourceQuality "1"]
[TimeControl "40/5400+30:1800+30"]

1. e4 e6 2. d4 d5 3. e5 c5 4. c3 Qb6 5. Nf3 Nc6 6. Be2 cxd4 7. cxd4 Nh6 8. Bxh6 Qxb2 9. Nbd2 gxh6 10. O-O Qb6 11. Rb1 Qd8 12. Nb3 b6 13. Nc1 Ne7 14. h4 {[%emt 1:06:00]} Bd7 {[%emt 1:00:00]} 15. Nd3 {[%emt 0:04:30]} Nf5 {[%emt 0:06:30]} 16. g3 {[%emt 0:01:30]} Rg8 {[%emt 0:00:30]} 17. Kh2 {[%emt 0:05:30]} Rg4 {[%emt 0:00:30]} 18. Nf4 {[%emt 0:00:30]} Rxf4 {[%emt 0:07:30]} 19. gxf4 {[%emt 0:00:30]} Nxh4 {[%emt 0:00:30]} 20. Bd3 {[%emt 0:01:30]} Rc8 {[%emt 0:04:30]} 21. Kg3 {[%emt 0:01:14]} Ng6 {[%emt 0:01:46]} 22. Rc1 {[%emt 0:01:24]} Rb8 {[%emt 0:09:09]} 23. Qd2 {[%emt 0:05:42]} a5 {[%emt 0:03:16]} 24. a4 {[%emt 0:03:18]} Bxa4 {[%emt 0:02:50]} 25. f5 {[%emt 0:00:09]} Ne7 {[%emt 0:00:28]} 26. fxe6 {[%emt 0:02:41]} fxe6 {[%emt 0:00:02]} 27. Bxh7 {[%emt 0:00:06]} b5 {[%emt 0:00:55]} 28. Ra1 {[%emt 0:01:14]} Kd7 {[%emt 0:02:16]} 29. Nh4 {[%emt 0:04:16]} Nc6 {[%emt 0:00:44]} 30. f4 {[%emt 0:00:16]} Bb4 {[%emt 0:01:25]} 31. Qd3 {[%emt 0:01:37]} Be7 {[%emt 0:01:29]} 32. Nf3 {[%emt 0:01:42]} Nb4 {[%emt 0:00:15]} 33. Qb1 {[%emt 0:01:05]} Rc8 {[%emt 0:01:15]} 34. f5 {[%emt 0:00:25]} Bc2 {[%emt 0:00:32]} 35. fxe6+ {[%emt 0:01:03]} Kxe6 {[%emt 0:00:02]} 36. Qc1 {[%emt 0:00:04]} Qf8 {[%emt 0:00:00]} 37. Ng5+ {[%emt 0:00:00]} Bxg5 {[%emt 0:00:00]} 38. Rxf8 {[%emt 0:00:00]} Rxf8 {[%emt 0:00:00]} 39. Qa3 {[%emt 0:00:00]} Bxh7 {[%emt 0:00:00]} 40. Qxa5 {[%emt 0:00:00]} Bf4+ {[%emt 0:00:00]} 41. Kh4 {[%emt 0:08:14]} Bg5+ {[%emt 0:10:06]} 42. Kg3 {[%emt 0:00:30]} Rg8 {[%emt 0:05:03]} 43. Qb6+ {[%emt 0:05:30]} Kf5 {[%emt 0:03:04]} 44. Kf3 {[%emt 0:06:55]} Bg6 {[%emt 0:10:53]} 45. Rh1 {[%emt 0:02:41]} Rc8 {[%emt 0:05:16]} 46. Rf1 {[%emt 0:06:29]} Bh5+ {[%emt 0:01:30]} 47. Kg3+ {[%emt 0:00:43]} Ke4 {[%emt 0:00:15]} 48. Re1+ {[%emt 0:00:00]} Kd3 {[%emt 0:00:51]} 49. Qxb5+ {[%emt 0:00:40]} Rc4 {[%emt 0:00:02]} 50. e6 {[%emt 0:01:37]} Kd2 {[%emt 0:00:55]} 51. Rf1 {[%emt 0:02:37]} Be2 {[%emt 0:00:21]} 52. Rf2 {[%emt 0:00:54]} Ke1 {[%emt 0:00:18]} 53. Kg2 {[%emt 0:01:15]} Bd3 {[%emt 0:00:42]} 54. Qa5 {[%emt 0:01:32]} Be4+ {[%emt 0:00:30]} 55. Kg1 {[%emt 0:00:28]} Be3 {[%emt 0:00:31]} 56. Qa1+ {[%emt 0:00:57]} Rc1 {[%emt 0:00:13]} 57. Qxc1+ {[%emt 0:00:17]} Bxc1 {[%emt 0:00:30]} 58. e7 {[%emt 0:00:30]} Be3 {[%emt 0:00:30]} 59. e8=Q {[%emt 0:00:30]} Bxf2+ {[%emt 0:00:30]} 60. Kh2 {[%emt 0:00:30]} Nc2 {[%emt 0:00:00]} 61. Qc6 {[%emt 0:00:00]} Be3 {[%emt 0:00:00]} 62. Qc3+ {[%emt 0:00:49]} Ke2 {[%emt 0:00:19]} 63. Qb2 {[%emt 0:00:06]} Bxd4 {[%emt 0:00:07]} 64. Qb5+ {[%emt 0:00:05]} Ke1 {[%emt 0:00:49]} 65. Qa5+ {[%emt 0:00:50]} Kd1 {[%emt 0:00:13]} 66. Qa8 {[%emt 0:00:29]} Be3 {[%emt 0:00:27]} 67. Qc6 {[%emt 0:00:40]} Kd2 {[%emt 0:00:51]} 68. Qa8 {[%emt 0:00:07]} h5 {[%emt 0:00:33]} 69. Qa5+ {[%emt 0:00:09]} Kd1 {[%emt 0:00:55]} 70. Qa8 {[%emt 0:00:05]} Ne1 {[%emt 0:00:20]} 71. Kg3 {[%emt 0:01:32]} Ke2 {[%emt 0:00:26]} 72. Qa6+ {[%emt 0:00:32]} Nd3 {[%emt 0:00:29]} 73. Qa2+ {[%emt 0:00:36]} Bd2 {[%emt 0:00:13]} 74. Kh4 {[%emt 0:00:24]} Bf3 {[%emt 0:00:46]} 75. Kg3 {[%emt 0:00:51]} Nb4 {[%emt 0:01:33]} 76. Qb2 {[%emt 0:00:18]} Be4 {[%emt 0:00:51]} 77. Kh4 {[%emt 0:00:13]} Nd3 {[%emt 0:01:02]} 78. Qa2 {[%emt 0:00:04]} Nf4 {[%emt 0:00:00]} 79. Qb2 {[%emt 0:00:44]} Ke3 {[%emt 0:00:07]} 80. Qa3+ {[%emt 0:00:31]} Nd3 {[%emt 0:00:22]} 81. Kxh5 {[%emt 0:00:20]} d4 {[%emt 0:00:12]} 82. Kg4 {[%emt 0:00:24]} Bc3 {[%emt 0:00:11]} 83. Qa7 {[%emt 0:01:49]} Ne5+ {[%emt 0:00:11]} 84. Kg5 {[%emt 0:00:07]} Bd2 {[%emt 0:00:45]} 85. Kf6 {[%emt 0:01:08]} Nf3 {[%emt 0:00:14]} 86. Qc5 {[%emt 0:00:00]} Bc3 {[%emt 0:00:35]} 87. Ke6 {[%emt 0:00:12]} Kd2 {[%emt 0:00:38]} 88. Ke7 {[%emt 0:01:09]} Bc2 {[%emt 0:00:55]} 89. Qh5 {[%emt 0:00:41]} Ne1 {[%emt 0:00:30]} 90. Qg5+ {[%emt 0:00:19]} Kd1 {[%emt 0:00:01]} 91. Qh5+ {[%emt 0:00:01]} Kc1 {[%emt 0:00:11]} 92. Qg5+ {[%emt 0:00:25]} Kb2 {[%emt 0:00:27]} 93. Qb5+ {[%emt 0:00:30]} Bb3 {[%emt 0:00:12]} 94. Qe2+ {[%emt 0:00:00]} Ka3 {[%emt 0:00:33]} 95. Qe5 {[%emt 0:00:31]} Nc2 {[%emt 0:00:36]} 96. Kd8 {[%emt 0:00:43]} Nb4 {[%emt 0:00:36]} 97. Kc7 {[%emt 0:01:32]} Kb2 {[%emt 0:00:30]} 98. Qh2+ {[%emt 0:00:00]} Bc2 {[%emt 0:00:04]} 0-1

[Event "Turkish Super League 2019"]
[Site "Konya"]
[Date "2019.07.26"]
[Round "11"]
[White "Haznedaroglu, Kivanc"]
[Black "Arat, Ufuk Sezen"]
[Result "1-0"]
[WhiteElo "2448"]
[BlackElo "2376"]
[Annotator "NA"]
[PlyCount "87"]
[EventDate "2019.07.17"]
[EventType "team-tourn"]
[EventCountry "TUR"]
[SourceTitle "playchess.com"]
[Source "ChessBase"]
[SourceQuality "1"]
[TimeControl "40/5400+30:1800+30"]

1. e4 e5 2. d4 exd4 3. Qxd4 Nc6 4. Qe3 g6 5. Nc3 Bg7 6. Bd2 Nf6 7. e5 Ng4 8. Qg3 d6 9. h3 Nh6 10. exd6 Nf5 11. Qh2 cxd6 12. O-O-O Be6 13. Nge2 d5 {[%emt 1:11:30]} 14. g4 {[%emt 0:54:00]} Nd6 {[%emt 0:00:30]} 15. Nf4 {[%emt 0:00:30]} Qd7 {[%emt 0:05:53]} 16. Nfxd5 {[%emt 0:04:30]} O-O {[%emt 0:02:27]} 17. Bf4 {[%emt 0:02:30]} Nd4 {[%emt 0:02:53]} 18. Be5 {[%emt 0:05:30]} Bxd5 {[%emt 0:05:24]} 19. Nxd5 {[%emt 0:01:30]} N6b5 {[%emt 0:01:18]} 20. Bc4 {[%emt 0:06:30]} Rfe8 {[%emt 0:04:28]} 21. Bxg7 {[%emt 0:02:30]} Kxg7 {[%emt 0:00:34]} 22. Bxb5 {[%emt 0:00:30]} Qxd5 {[%emt 0:01:39]} 23. Bxe8 {[%emt 0:00:30]} Rxe8 {[%emt 0:00:42]} 24. Kb1 {[%emt 0:02:30]} Qc4 {[%emt 0:01:54]} 25. c3 {[%emt 0:04:48]} Nb5 {[%emt 0:00:44]} 26. Rd2 {[%emt 0:02:47]} a5 {[%emt 0:01:51]} 27. Rc1 {[%emt 0:01:35]} a4 {[%emt 0:00:06]} 28. Qg3 {[%emt 0:01:37]} a3 {[%emt 0:00:03]} 29. b3 {[%emt 0:02:54]} Qc6 {[%emt 0:00:04]} 30. c4 {[%emt 0:04:12]} Nc7 {[%emt 0:00:09]} 31. Qc3+ {[%emt 0:00:15]} Kg8 {[%emt 0:00:11]} 32. Rcd1 {[%emt 0:00:57]} Nb5 {[%emt 0:00:30]} 33. Qd3 {[%emt 0:00:25]} Nc7 {[%emt 0:00:00]} 34. f4 {[%emt 0:01:21]} Ne6 {[%emt 0:01:08]} 35. Qd5 {[%emt 0:00:46]} Qc7 {[%emt 0:01:02]} 36. f5 {[%emt 0:00:10]} Nc5 {[%emt 0:00:33]} 37. f6 {[%emt 0:01:45]} h6 {[%emt 0:00:16]} 38. Qd6 {[%emt 0:00:14]} Qc8 {[%emt 0:01:40]} 39. Qd8 {[%emt 0:02:25]} Kh7 {[%emt 0:00:00]} 40. Qxc8 {[%emt 0:00:00]} Rxc8 {[%emt 0:00:00]} 41. Rd8 {[%emt 0:03:19]} Rc6 {[%emt 0:06:01]} 42. R1d6 {[%emt 0:00:30]} Rc7 {[%emt 0:00:00]} 43. b4 {[%emt 0:01:30]} Ne4 {[%emt 0:01:00]} 44. R6d7 {[%emt 0:00:30]} 1-0

[Event "Turkish Super League 2019"]
[Site "Konya"]
[Date "2019.07.26"]
[Round "11"]
[White "Daulyte-Cornette, Deimante"]
[Black "Atalik, Ekaterina"]
[Result "1/2-1/2"]
[WhiteElo "2444"]
[BlackElo "2459"]
[Annotator "ChessBase"]
[PlyCount "70"]
[EventDate "2019.07.17"]
[EventType "team-tourn"]
[EventCountry "TUR"]
[SourceTitle "playchess.com"]
[Source "ChessBase"]
[SourceQuality "1"]
[TimeControl "40/5400+30:1800+30"]

1. e4 e5 2. Nf3 Nc6 3. d4 exd4 4. Nxd4 Bb4+ 5. c3 Bc5 6. Be3 Bb6 7. Nf5 Bxe3 8. Nxe3 d6 9. c4 Nge7 10. Nc3 O-O 11. Bd3 Nd4 12. Bb1 c5 13. O-O a6 14. Nc2 Nec6 15. Nxd4 Nxd4 16. Ne2 Nc6 17. Bc2 b5 18. Bb3 b4 19. Qd2 Qf6 20. Rad1 Rd8 21. Ba4 Ne5 22. b3 g5 23. f4 {[%emt 1:12:30]} gxf4 {[%emt 0:53:30]} 24. Nxf4 {[%emt 0:00:30]} Qh6 {[%emt 0:00:30]} 25. Qf2 {[%emt 0:00:30]} Bb7 {[%emt 0:04:30]} 26. Nd3 {[%emt 0:09:30]} Qg6 {[%emt 0:04:30]} 27. Nxe5 {[%emt 0:07:59]} dxe5 {[%emt 0:00:00]} 28. Qxc5 {[%emt 0:00:33]} Bxe4 {[%emt 0:02:00]} 29. g3 {[%emt 0:03:19]} Rxd1 {[%emt 0:04:30]} 30. Rxd1 {[%emt 0:00:04]} Qh5 {[%emt 0:00:30]} 31. Rd2 {[%emt 0:01:05]} Qf3 {[%emt 0:06:30]} 32. Qxe5 {[%emt 0:00:54]} Qe3+ {[%emt 0:08:30]} 33. Rf2 {[%emt 0:00:08]} Qe1+ {[%emt 0:06:03]} 34. Rf1 {[%emt 0:00:06]} Qe3+ {[%emt 0:00:40]} 35. Rf2 {[%emt 0:00:04]} Qe1+ {[%emt 0:01:08]} 1/2-1/2

[Event "Turkish Super League 2019"]
[Site "Konya"]
[Date "2019.07.26"]
[Round "11"]
[White "Tsolakidou, Stavroula"]
[Black "Dordzhieva, Dinara"]
[Result "1-0"]
[WhiteElo "2423"]
[BlackElo "2306"]
[Annotator "NA"]
[PlyCount "87"]
[EventDate "2019.07.17"]
[EventType "team-tourn"]
[EventCountry "TUR"]
[SourceTitle "playchess.com"]
[Source "ChessBase"]
[SourceQuality "1"]
[TimeControl "40/5400+30:1800+30"]

1. e4 c5 2. Nf3 e6 3. d4 cxd4 4. Nxd4 Nf6 5. Nc3 d6 6. g4 h6 7. h3 a6 8. Bg2 Be7 9. f4 Nc6 10. Be3 Nd7 11. O-O O-O 12. Nf3 b5 13. Ne2 Bb7 14. Ng3 Rc8 15. Qe2 Na5 16. Rad1 b4 {[%emt 1:06:00]} 17. f5 {[%emt 1:01:30]} Nc4 {[%emt 0:00:30]} 18. Bc1 {[%emt 0:01:30]} e5 {[%emt 0:06:30]} 19. h4 {[%emt 0:19:17]} Bxh4 {[%emt 0:03:30]} 20. Nxh4 {[%emt 0:00:48]} Qxh4 {[%emt 0:00:00]} 21. g5 {[%emt 0:03:28]} Qxg3 {[%emt 0:07:26]} 22. Rd3 {[%emt 0:02:27]} Ne3 {[%emt 0:00:10]} 23. Rxe3 {[%emt 0:01:25]} Qxg5 {[%emt 0:00:03]} 24. Rh3 {[%emt 0:02:41]} Qf6 {[%emt 0:01:18]} 25. Qg4 {[%emt 0:02:37]} Rxc2 {[%emt 0:04:15]} 26. Bxh6 {[%emt 0:01:25]} d5 {[%emt 0:01:04]} 27. Kh1 {[%emt 0:01:23]} dxe4 {[%emt 0:11:24]} 28. Be3 {[%emt 0:00:04]} Rfc8 {[%emt 0:01:18]} 29. Qh5 {[%emt 0:01:06]} Kf8 {[%emt 0:00:04]} 30. Bg5 {[%emt 0:00:26]} Rxg2 {[%emt 0:00:53]} 31. Kxg2 {[%emt 0:02:34]} e3+ {[%emt 0:00:09]} 32. Kg1 {[%emt 0:01:03]} e2 {[%emt 0:00:40]} 33. Bxf6 {[%emt 0:01:41]} exf1=Q+ {[%emt 0:00:07]} 34. Kxf1 {[%emt 0:00:05]} gxf6 {[%emt 0:00:35]} 35. Qd1 {[%emt 0:01:12]} Ke7 {[%emt 0:00:16]} 36. Rh4 {[%emt 0:00:42]} a5 {[%emt 0:01:05]} 37. Qa4 {[%emt 0:00:17]} Rc5 {[%emt 0:00:31]} 38. a3 {[%emt 0:00:32]} Nb6 {[%emt 0:00:37]} 39. Qb3 {[%emt 0:00:17]} Bd5 {[%emt 0:00:34]} 40. Qe3 {[%emt 0:00:00]} Rc6 {[%emt 0:00:00]} 41. axb4 {[%emt 0:02:00]} a4 {[%emt 0:01:31]} 42. b5 {[%emt 0:08:30]} Rd6 {[%emt 0:00:30]} 43. Qc5 {[%emt 0:01:30]} Kd7 {[%emt 0:00:30]} 44. Rh8 {[%emt 0:00:30]} 1-0